000 00748nam a22002297a 4500
003 UA-OsUOA
001 67803
007 ta
008 20100311b un ||||| |||| 00| 0 ukr d
090 _a343.13
_bС56
942 _cBK
040 _aUA-OsUOA
_brus
_cUA-OsUOA
_dUA-OsUOA
245 _aСовершенствование советского уголовного и уголовно-процессуального законодательства
_bТруды по правоведению
_cКасык П.
300 _a103 с.
955 _a2
041 _arus
080 _a343.13
260 _aТарту
_c1984
250 _n679
650 7 _a343 Кримінальне право. Карні порушення
_2UDC
999 _c353924
_d353924